000 00672nam a2200205 a 4500
008 080109s1972 ||||||||||||||||| || u
020 _a0713132671
050 _aTK 4310 Lam
100 _aHenderson, S. T
245 1 0 _aLamps and lighting: a manual of lamps and lighting. (2nd ed.)
250 _a2nd ed.
260 _aLondon:
_bEdward Arnold
_c1972
300 _aix, 602p. : ill
350 _a0.00
650 _aELECTRICITY
650 _aELECTRIC LAMPS
650 _aLIGHTING
700 _aMarsden, S. T
995 _D0.00
_FCBU-MAIN LIBRARY (Kitwe)
_H1
_I0.00
_UDAMAGED
_WJun 5, 2009
_ZMain Library Open Access Collection
999 _c48765
_d48765